Statistics for Countries with Decreasing GDP

Click here to take the quiz!

General Stats

  • This quiz has been taken 273 times
    (232 since last reset)
  • The average score is 5 of 12

Answer Stats

%Country% Correct
N/ASyria
84%
-18Venezuela
75%
-2.7Yemen
68%
-3.9Iran
64%
-1.1South Sudan
54%
-2.1Sudan
51%
-2.5Argentina
33%
-1.6Angola
22%
-4.0Nicaragua
18%
-2.3Nauru
17%
-11.9Dominica
11%
-5.7Equatorial Guinea
11%

Score Distribution

Percentile by Number Answered

Percent of People with Each Score

Your Score History

You have not taken this quiz since the last reset